000 00924 a2200217 4500
999 _c95489
_d95489
005 20210325220244.0
008 181218b th ||||| |||| 00| 0 tha d
020 _a9786167787336
040 _aNALT
050 _aPN 81
_bพ653ว 2561
100 1 _aพิเชฐ แสงทอง
_927113
245 1 0 _aวรรณกรรมวิจารณ์ แนวคิดและปฏิบัติการ /
_cพิเชฐ แสงทอง.
250 _aพิมพ์ครั้งแรก
260 _aกรุงเทพฯ :
_bคมบาง,
_c2561.
300 _a306 หน้า :
_bภาพประกอบ ;
_c21 ซม.
650 4 _919255
_aวรรณกรรม
_xประวัติและวิจารณ์
650 4 _922276
_aวรรณกรรมไทย
_xประวัติและวิจารณ์
850 _aNALT
942 _2lcc
_cGB